Une bibliothèque idéale (Record no. 916)

MARC details
000 -LEADER
campo de control de longitud fija 00729nam a22001817a 4500
008 - DATOS DE LONGITUD FIJA--INFORMACIÓN GENERAL
campo de control de longitud fija 160525b xxu||||| |||| 00| 0 eng d
020 ## - NÚMERO INTERNACIONAL ESTÁNDAR DEL LIBRO
Número Internacional Estándar del Libro 2296549128
020 ## - NÚMERO INTERNACIONAL ESTÁNDAR DEL LIBRO
Número Internacional Estándar del Libro 9782296549128
082 ## - NÚMERO DE LA CLASIFICACIÓN DECIMAL DEWEY
Número de clasificación 701.17
Número de ítem K881u
100 ## - ENTRADA PRINCIPAL--NOMBRE DE PERSONA
Nombre de persona Koyo Kouoh; Nana Oforiatta-Ayim
9 (RLIN) 5030
245 ## - MENCIÓN DEL TÍTULO
Título Une bibliothèque idéale
Resto del título une publication sur la théorie qui influence la pratique de l'art = An ideal library : a publication on theory that influences art practice
Mención de responsabilidad, etc. Koyo Kouoh; Nana Oforiatta-Ayim
260 ## - PUBLICACIÓN, DISTRIBUCIÓN, ETC.
Lugar de publicación, distribución, etc. Dakar
Nombre del editor, distribuidor, etc. Raw Material Company
Fecha de publicación, distribución, etc. 2012.
300 ## - DESCRIPCIÓN FÍSICA
Extensión 127 pag
Otras características físicas ill.
Dimensiones 15 cm
440 ## - MENCIÓN DE SERIE/PUNTO DE ACCESO ADICIONAL--TÍTULO
Designación de volumen o secuencia 1 vol.
9 (RLIN) 5031
650 ## - PUNTO DE ACCESO ADICIONAL DE MATERIA--TÉRMINO DE MATERIA
Término de materia o nombre geográfico como elemento de entrada Teoria del arte
Subdivisión de forma Estetica
Subdivisión general Producción artística
9 (RLIN) 5032
700 ## - ENTRADA AGREGADA--NOMBRE PERSONAL
Nombre de persona Koyo Kouoh
9 (RLIN) 5033
700 ## - ENTRADA AGREGADA--NOMBRE PERSONAL
Nombre de persona Nana Oforiatta-Ayim
9 (RLIN) 5034
Holdings
Estatus retirado Estado de pérdida Fuente del sistema de clasificación o colocación Estado de daño No para préstamo Biblioteca de origen Biblioteca actual Ubicación en estantería Fecha de adquisición Total de préstamos Signatura topográfica completa Código de barras Visto por última vez Precio de reemplazo Tipo de ítem Koha
    Clasificación Decimal Dewey     Biblioteca LadoV Biblioteca LadoV   25/05/2016   701.17 K881u 004056 25/05/2016 25/05/2016 Material 01